1119 1154 1922 1097 1183 1618 1849 1352 1365 1057 1759 1694 1681 1783 1676 1162 1405 1737 1636 1322 1351 1139 1675 1765 1758 1357 1686 1789 1297 1437 1123 1768 1916 1855 1338 1370 1116 1891 1000 1831 1478 1276 1238 1530 1636 1507 1567 1287 1780 1033 1318 1809 1913 1225 1354 1673 1243 1996 1013 1015 1493 1409 1798 1542 1839 1696 1979 1592 1203 1806 1873 1389 1427 1597 1910 1091 1134 1462 1198 1510 1579 1194 1710 1449 1604 1470 1733 1593 1244 1602 1802 1557 1194 1869 1023 1429 1585 1160 1410 BCNSPRNW ULIB Ver.6.0+V

เปลี่ยนเป็นภาษาไทย

Change to English
 แสดงรายละเอียดบรรณานุกรม
  กลับหน้าหลัก

Brief Record : Get Marc (ISO 2709) : E-mail record : QR code < ปิดหน้าต่าง
LEADER : 00000nam 2200000uu 4500
001    13399111000
003     ULIB
008    110614s||||||||th 000 0 tha d
020    9789747706765(ล.5)
050 04 AC159^bภ375ค ล.5 2550
100 0  ภัทราพร สังข์พวงทอง
245 10 ความรู้นอกกะลา 5 (สารอาหาร) /^cภัทราพร สังข์พวงทอง
250    พิมพ์ครั้งที่ 1
260    กรุงเทพฯ :^bพิมพ์บูรพา,^c2550
300    [125] หน้า :^bภาพประกอบ
650  7 ความรู้ทั่วไป
650  7 ลูกชิ้น
650  7 น้ำตาล
650  7 กาแฟ
650  7 อาหาร
945    ^p200^l0^i023243
995    ทศพร
999 ^a ใช้งานได้ทุกระบบ
รายการนี้ยังไม่มีแท็ก
คุณยังไม่ได้ล็อกอิน คุณสามารถมีกิจกรรมร่วมกับเว็บไซต์ได้ แต่ต้องล็อกอินก่อน ::
  ล็อกอิน

รายการสื่อสารสนเทศ

ลำดับที่ ประเภท เลขเรียก/บาร์โค้ด สถานที่ สถานะ
- ไม่พบข้อมูล -

รายการใกล้เคียง
    ผู้แต่ง [ภัทราพร สังข์พวงทอง]

    หัวเรื่อง [ความรู้ทั่วไป]
    หัวเรื่อง [ลูกชิ้น]
    หัวเรื่อง [น้ำตาล]
    หัวเรื่อง [กาแฟ]
    หัวเรื่อง [อาหาร]

BibComment


ยังไม่เคยถูกคอมเมนท์

คอมเมนท์ทรัพยากรรายการนี้
  คอมเมนท์: ความรู้นอกกะลา 5 ..


 Copyright 2026. Bcnsprnw @Library